Hīr Sayyid Vāras̲ Shāh / (Record no. 532201)
[ view plain ]
| 000 -LEADER | |
|---|---|
| fixed length control field | 01627cam a22004334a 4500 |
| 001 - CONTROL NUMBER | |
| control field | 15180419 |
| 003 - CONTROL NUMBER IDENTIFIER | |
| control field | NUST |
| 005 - DATE AND TIME OF LATEST TRANSACTION | |
| control field | 20191112132339.0 |
| 008 - FIXED-LENGTH DATA ELEMENTS--GENERAL INFORMATION | |
| fixed length control field | 080214s2007 pk af 000 0 urd |
| 010 ## - LIBRARY OF CONGRESS CONTROL NUMBER | |
| LC control number | 2007376460 |
| 020 ## - INTERNATIONAL STANDARD BOOK NUMBER | |
| International Standard Book Number | 9799695035169 |
| 020 ## - INTERNATIONAL STANDARD BOOK NUMBER | |
| International Standard Book Number | 9695035167 |
| 025 ## - OVERSEAS ACQUISITION NUMBER | |
| Overseas acquisition number | P-Si-2007376460 |
| 038 ## - RECORD CONTENT LICENSOR | |
| Staff Name | Arshad |
| 040 ## - CATALOGING SOURCE | |
| Original cataloging agency | DLC |
| Transcribing agency | DLC |
| Modifying agency | DLC |
| 041 0# - LANGUAGE CODE | |
| Language code of text/sound track or separate title | urd |
| -- | pan |
| 042 ## - AUTHENTICATION CODE | |
| Authentication code | lcode |
| 050 00 - LIBRARY OF CONGRESS CALL NUMBER | |
| Classification number | PK2659.V37 |
| Item number | H57 2007 |
| 066 ## - CHARACTER SETS PRESENT | |
| Alternate G0 or G1 character set | (3 |
| -- | (4 |
| 082 ## - DEWEY DECIMAL CLASSIFICATION NUMBER | |
| Classification number | 891.4213 |
| Author Mark | VAR |
| 100 0# - MAIN ENTRY--PERSONAL NAME | |
| Linkage | 880-01 |
| Personal name | Vāris̲ Shāh, |
| Dates associated with a name | active 1766. |
| 9 (RLIN) | 25560 |
| 240 10 - UNIFORM TITLE | |
| Linkage | 880-02 |
| Uniform title | Hīr Rānjhā |
| 245 10 - TITLE STATEMENT | |
| Linkage | 880-03 |
| Title | Hīr Sayyid Vāras̲ Shāh / |
| Statement of responsibility, etc. | tartīb va farhang, Shahbāz Raḥmān Vārs̲ī. |
| 260 ## - PUBLICATION, DISTRIBUTION, ETC. | |
| Linkage | 880-04 |
| Place of publication, distribution, etc. | Lāhaur : |
| Name of publisher, distributor, etc. | al-Faiṣal, |
| Date of publication, distribution, etc. | 2007. |
| 300 ## - PHYSICAL DESCRIPTION | |
| Extent | 446 p., [1] leaf of plates : |
| Other physical details | col. ill. ; |
| Dimensions | 34 cm. |
| 500 ## - GENERAL NOTE | |
| General note | Sufi verse. |
| 500 ## - GENERAL NOTE | |
| General note | "Aihah Qurān Majīd de maʻne nain̲ jaihṛe shaʻr maʼīn̲ Vāris̲ Shāh de nain̲"--Cover. |
| 500 ## - GENERAL NOTE | |
| General note | Includes glossary. |
| 546 ## - LANGUAGE NOTE | |
| Language note | In Urdu and Panjabi. |
| 700 1# - ADDED ENTRY--PERSONAL NAME | |
| Linkage | 880-05 |
| Personal name | Vārs̲ī, Shahbāz Raḥmān. |
| 9 (RLIN) | 25561 |
| 880 0# - ALTERNATE GRAPHIC REPRESENTATION | |
| Linkage | 100-01/(3/r |
| Title | وارث شاه. |
| 880 10 - ALTERNATE GRAPHIC REPRESENTATION | |
| Linkage | 240-02/(3/r |
| Title | هير رانجھا |
| 880 10 - ALTERNATE GRAPHIC REPRESENTATION | |
| Linkage | 245-03/(3/r |
| Title | هير سيّد وارث شاه / |
| c | ترتيب و فرهنگ، شهباز رحمٰن وارثى. |
| 880 ## - ALTERNATE GRAPHIC REPRESENTATION | |
| Linkage | 260-04/(3/r |
| Title | لاهور : |
| b | الفيصل، |
| c | 2007. |
| 880 1# - ALTERNATE GRAPHIC REPRESENTATION | |
| Linkage | 700-05/(3/r |
| Title | وارثى، شهباز رحمٰن. |
| 906 ## - LOCAL DATA ELEMENT F, LDF (RLIN) | |
| a | 7 |
| b | cbc |
| c | origode |
| d | 3 |
| e | ncip |
| f | 20 |
| g | y-nonroman |
| 942 ## - ADDED ENTRY ELEMENTS (KOHA) | |
| Source of classification or shelving scheme | |
| Koha item type | Book |
| Withdrawn status | Lost status | Source of classification or shelving scheme | Damaged status | Not for loan | Permanent Location | Current Location | Shelving location | Date acquired | Full call number | Barcode | Date last seen | Copy number | Price effective from | Koha item type |
|---|---|---|---|---|---|---|---|---|---|---|---|---|---|---|
| Central Library (CL) | Central Library (CL) | Urdu Literature | 11/12/2019 | 891.4213 SHA | CL3159 | 11/12/2019 | 1 | 11/12/2019 | Book |
